000 00228nam a2200109Ia 4500
008 190216s9999||||xx |||||||||||||| ||und||
100 _aSamuel M S
245 0 _aBotany Pdc
260 _bMacmillan
650 _aBotany
942 _cBK
999 _c1028
_d1028